Preferences of university students towards English language instruction

Pozorovanie študentov angličtiny. Pozorované vlastnosti: maturitná skúška, vyučovacia kniha, slovná zásoba, sluchové zručnosti, vstupné skúšky, gramatická kompetencia, rozvoj podnikateľských zručností, študentská mobilita.

Na minha lista:
Detalhes bibliográficos
Autor principal: Ivančová, Ladislava, 1980-
Formato: Capítulo de Livro
Idioma:inglês
Assuntos:
Tags: Adicionar Tag
Sem tags, seja o primeiro a adicionar uma tag!

MARC

LEADER 00000naa$a2200000$$$4500
001 0204849
005 20240502083514.7
041 0 |a eng 
044 |a RU 
245 1 0 |a Preferences of university students towards English language instruction  |c Ladislava Ivančová 
520 |a Pozorovanie študentov angličtiny. Pozorované vlastnosti: maturitná skúška, vyučovacia kniha, slovná zásoba, sluchové zručnosti, vstupné skúšky, gramatická kompetencia, rozvoj podnikateľských zručností, študentská mobilita. 
610 2 0 |a kvalita vzdelávania 
610 2 0 |a jazyky cudzie 
610 2 0 |a vzdelanie 
100 1 |a Ivančová, Ladislava, 1980-